Adivina la Nacionalidad - Estadísticas

Estadísticas generales
  • Esta prueba ha sido intentada 36 veces
  • La puntuación promedio es 9 de 16
Estadísticas de respuestas
Imagen Respuesta % Correcto
Georgia
94%
Corea del Sur
91%
Portugal
82%
Brasil
76%
Costa de Marfil
67%
Francia
67%
Egipto
58%
Paraguay
58%
Australia
55%
Hungría
52%
Togo
52%
Arabia Saudi
33%
Macedonia del Norte
33%
España
30%
Malasia
15%
Surinam
12%
No se encontraron pruebas coincidentes
Distribución de puntuación
Porcentaje de gente con cada puntuación
Porcentaje por número respondido
Historial de tus puntuaciones
No has intentado esta prueba.